000 01788cam a22004454i 4500
003 PE-LiUPU
005 20250731165429.0
008 160215s1992 pe a grm 000 0 spa d
035 _a(Sirsi) a156129
040 _aPE-LiUPU
_bspa
_cPE-LiUPU
_erda
099 _aTE 2
_bD97 1992
100 1 _aDueñas Torres, Pilar Beatriz
_eautor
245 1 _aDiagnosis de la realidad dislálica en los alumnos del nivel primario del CEPAU - USE 14, Año 1991.
264 0 _c1992.
300 _a178 hojas
_c30 cm
336 _atext
_2rdacontent
337 _aunmediated
_2rdamedia
338 _avolume
_2rdacarrier
502 _aTesis
_b(Lic.) --
_cUniversidad Peruana Unión,
_d1992.
504 _aIncluye referencias
520 3 _aEl lenguaje es el instrumento de comunicación más importante que posee el hombre, sin el cual no seria posible la existencia de la sociedad tal como la conocemos. Su origen no ha sido establecido por la ciencia en términos de tiempo, por eso se acepta que este apareció junto con el hombre, al momento de la Creación. El lenguaje esta presente en todos los actos de relación social y de desarrollo histórico. Incluso en quien reflexiona en soledad y aparece acompañado los sueños durante el reposo nocturno.
526 _aSEG44
526 _aSEG26
526 _aP151
526 _aP150
526 _aP149
526 _aP146
526 _aP145
526 _aP126
526 _aP125
526 _aP92
526 _aP75
526 _aP74
526 _aP27
526 _aP15
650 0 4 _aDislalia
_xEducación primaria.
596 _a1
942 _2ddc
_cTESIS
999 _aTE 2 D97 1992
_wALPHANUM
_c8811
_iT00141
_lCCODEBUL3
_mBUL
_r1
_sY
_tTESIS
_u2016-2-15
_xEDUCACION
_PP20
_o.STAFF. Tesis
_d8811
980 _81
_gALBERTO SANCHEZ Responsable de Automatización